| 000 | 00431nam a2200181Ia 4500 | ||
|---|---|---|---|
| 008 | 230524s9999 xx 000 0 und d | ||
| 020 | _a0195676955 | ||
| 082 |
_a401.4 _bRAM |
||
| 100 | _aMeenakshi Raman | ||
| 245 | 0 | _aBusiness Communication | |
| 250 | _a10TH | ||
| 260 |
_aNEW DELHI _bOxford _c2008 |
||
| 300 | _aXIII;591 | ||
| 500 | _aQuantity Number: 205 | ||
| 650 | _aEnglish | ||
| 700 | _a Prakash Singh | ||
| 942 | _cBK | ||
| 999 |
_c40095 _d40095 |
||